神奈川県の駅乗車人員TOP100 - Statistics

General Stats
  • This quiz has been taken 342 times
  • The average score is 65 of 100
Answer Stats
順位 路線 所在地 乗車人員 駅名 % Correct
1 JR東日本ほか 横浜市西区 358,526,636 横浜
99%
4 JR東日本 川崎市川崎区 68,368,150 川崎
99%
3 JR東日本ほか 藤沢市 68,978,712 藤沢
98%
7 JR東日本ほか 横浜市戸塚区 50,455,599 戸塚
97%
2 JR東日本ほか 川崎市中原区 74,852,212 武蔵小杉
96%
8 JR東日本ほか 海老名市 48,924,384 海老名
96%
32 JR東日本ほか 鎌倉市 18,744,534 鎌倉
95%
5 JR東日本ほか 横浜市港北区 65,559,421 新横浜
94%
11 小田急電鉄ほか 大和市 39,791,810 大和
94%
19 JR東日本ほか 小田原市 30,937,209 小田原
94%
24 JR東日本 横浜市鶴見区 25,428,820 鶴見
93%
12 JR東日本ほか 鎌倉市 37,749,577 大船
92%
18 JR東日本ほか 横浜市中区 33,040,085 桜木町
91%
30 JR東日本 平塚市 20,204,940 平塚
91%
25 小田急電鉄 厚木市 22,395,008 本厚木
89%
13 JR東日本ほか 相模原市緑区 37,535,659 橋本
88%
46 JR東日本 横浜市神奈川区 12,257,795 東神奈川
88%
23 JR東日本ほか 横浜市中区 25,757,648 関内
87%
20 JR東日本ほか 横浜市港北区 30,582,473 菊名
86%
9 東急電鉄ほか 横浜市港北区 47,030,261 日吉
85%
63 JR東日本 逗子市 9,192,160 逗子
84%
26 京浜急行電鉄 川崎市川崎区 21,694,410 京急川崎
83%
6 JR東日本ほか 川崎市多摩区 55,588,960 登戸
82%
17 東急電鉄ほか 大和市 33,696,576 中央林間
82%
34 JR東日本 横浜市戸塚区 18,627,045 東戸塚
82%
59 JR東日本 相模原市中央区 9,927,635 相模原
81%
98 JR東日本ほか 海老名市 5,761,293 厚木
81%
10 JR東日本ほか 横浜市緑区 41,294,132 長津田
80%
31 JR東日本 茅ヶ崎市 18,800,420 茅ケ崎
80%
41 京浜急行電鉄ほか 横浜市金沢区 14,052,336 金沢八景
80%
90 JR東日本 横浜市磯子区 6,398,450 磯子
80%
27 小田急電鉄 相模原市南区 21,096,418 相模大野
79%
14 京浜急行電鉄ほか 横浜市港南区 35,042,725 上大岡
78%
15 東急電鉄 川崎市高津区 34,868,652 溝の口
77%
29 JR東日本 藤沢市 20,216,620 辻堂
77%
50 京浜急行電鉄 横浜市金沢区 10,734,664 金沢文庫
77%
16 東急電鉄ほか 横浜市青葉区 34,694,472 あざみ野
76%
43 横浜市営地下鉄 横浜市都筑区 13,442,876 センター北
76%
51 京浜急行電鉄 横須賀市 10,730,758 横須賀中央
76%
21 小田急電鉄ほか 藤沢市 28,802,521 湘南台
75%
39 横浜市営地下鉄 横浜市都筑区 14,566,595 センター南
75%
28 小田急電鉄 川崎市麻生区 20,680,407 新百合ヶ丘
74%
22 JR東日本 川崎市高津区 27,697,295 武蔵溝ノ口
73%
38 横浜高速鉄道 横浜市西区 14,941,713 みなとみらい
73%
33 JR東日本ほか 横浜市緑区 18,653,259 中山
72%
40 東急電鉄 横浜市青葉区 14,069,672 たまプラーザ
72%
54 横浜高速鉄道 横浜市中区 10,467,677 元町・中華街
72%
36 東急電鉄 横浜市青葉区 17,580,358 青葉台
70%
55 JR東日本 横浜市保土ケ谷区 10,445,205 保土ケ谷
70%
68 小田急電鉄 伊勢原市 8,493,750 伊勢原
70%
75 JR東日本 横浜市神奈川区 7,475,565 新子安
70%
86 小田急電鉄 秦野市 6,554,587 秦野
70%
35 JR東日本ほか 横浜市磯子区 18,057,899 新杉田
69%
60 JR東日本 川崎市中原区 9,575,410 武蔵中原
69%
42 相模鉄道 横浜市旭区 13,865,473 二俣川
68%
37 東急電鉄 横浜市港北区 15,156,164 綱島
66%
49 JR東日本 横浜市中区 10,788,305 石川町
65%
56 JR東日本 横浜市港南区 10,142,620 港南台
65%
65 JR東日本 川崎市幸区 9,027,180 新川崎
64%
47 JR東日本 川崎市中原区 12,228,960 武蔵新城
58%
44 JR東日本 相模原市中央区 12,617,685 淵野辺
57%
76 JR東日本 横浜市磯子区 7,300,365 根岸
57%
85 JR東日本 横浜市栄区 6,560,875 本郷台
56%
52 東急電鉄 川崎市中原区 10,631,908 元住吉
55%
53 東急電鉄 川崎市宮前区 10,501,980 鷺沼
55%
84 JR東日本 横浜市磯子区 6,587,885 洋光台
55%
94 JR東日本 横浜市中区 6,015,200 山手
55%
69 東急電鉄 川崎市宮前区 8,475,677 宮前平
54%
78 相模鉄道 横浜市瀬谷区 7,230,062 瀬谷
54%
77 東急電鉄 横浜市神奈川区 7,278,399 白楽
53%
83 JR東日本 横浜市神奈川区 6,650,300 大口
52%
45 JR東日本 横浜市緑区 12,288,820 鴨居
51%
66 東急電鉄 横浜市港北区 8,894,497 大倉山
50%
74 横浜高速鉄道 横浜市中区 7,487,152 馬車道
49%
67 東急電鉄 川崎市宮前区 8,516,242 宮崎台
48%
81 京浜急行電鉄 横須賀市 6,809,639 京急久里浜
47%
61 小田急電鉄 相模原市南区 9,450,570 小田急相模原
44%
62 相模鉄道 横浜市瀬谷区 9,298,450 三ツ境
44%
82 JR東日本 横浜市緑区 6,755,785 十日市場
44%
57 小田急電鉄 川崎市多摩区 10,066,775 向ヶ丘遊園
43%
48 JR東日本ほか 横浜市神奈川区 11,203,994 羽沢横浜国大
42%
96 JR東日本 川崎市幸区 5,922,490 鹿島田
42%
70 JR東日本 川崎市多摩区 8,316,160 稲田堤
41%
73 JR東日本 相模原市南区 7,865,385 古淵
41%
64 京王電鉄 川崎市多摩区 9,047,917 京王稲田堤
39%
58 相模鉄道 横浜市旭区 9,979,204 鶴ヶ峰
38%
71 小田急電鉄 厚木市 8,307,597 愛甲石田
38%
87 東急電鉄 川崎市高津区 6,489,761 梶が谷
38%
88 小田急電鉄 秦野市 6,467,757 東海大学前
38%
97 東急電鉄 横浜市青葉区 5,779,090 江田
34%
79 東急電鉄 横浜市青葉区 6,987,976 市が尾
32%
89 小田急電鉄 座間市 6,443,934 相武台前
32%
72 小田急電鉄 川崎市多摩区 7,900,895 生田
29%
80 京浜急行電鉄 横須賀市 6,836,395 追浜
29%
92 小田急電鉄 川崎市麻生区 6,185,452 柿生
29%
91 JR東日本 横浜市鶴見区 6,372,535 矢向
28%
99 小田急電鉄 藤沢市 5,733,318 長後
28%
93 相模鉄道 海老名市 6,116,882 さがみ野
26%
100 小田急電鉄 川崎市多摩区 5,723,399 読売ランド前
26%
95 横浜市営地下鉄 横浜市港南区 6,002,057 上永谷
19%
No matching quizzes found
Score Distribution
Percent of People with Each Score
Percentile by Number Answered
Your Score History
You have not taken this quiz